Notes on Economic Theory/
Gespeichert in:
| 1. Verfasser: | |
|---|---|
| Format: | Sách giấy |
| Sprache: | English |
| Veröffentlicht: |
London :
Pitman Publishing,
1962
|
| Ausgabe: | Second edition |
| Tags: |
Tag hinzufügen
Keine Tags, Fügen Sie den ersten Tag hinzu!
|
| Thư viện lưu trữ: | Thư viện Trường Đại học Đà Lạt |
|---|
| LEADER | 00674nam a2200301 4500 | ||
|---|---|---|---|
| 001 | DLU040027714 | ||
| 020 | # | # | |a 027336054x |
| 040 | # | # | |a dlu |b vie |
| 041 | # | # | |a eng |
| 044 | # | # | |a EN |
| 082 | # | # | |a 330.1 |b TO-W |
| 100 | # | # | |a Tolfree, W. Reay |
| 245 | # | # | |a Notes on Economic Theory/ |c W. Reay Tolfree |
| 250 | # | # | |a Second edition |
| 260 | # | # | |a London : |b Pitman Publishing, |c 1962 |
| 300 | # | # | |a 90p.; |c 18cm. |
| 504 | # | # | |a Include index |
| 923 | # | # | |a 5/2004 |
| 992 | # | # | |a 1000 |
| 994 | # | # | |a DLU |
| 900 | # | # | |a True |
| 911 | # | # | |a Lê Thị Mạnh Xuân |
| 925 | # | # | |a G |
| 926 | # | # | |a A |
| 927 | # | # | |a SH |
| 980 | # | # | |a Thư viện Trường Đại học Đà Lạt |


